LEADER 01038nam--2200373---450- 001 990003325190203316 005 20091005164739.0 010 $a978-88-339-1981-2 035 $a000332519 035 $aUSA01000332519 035 $a(ALEPH)000332519USA01 035 $a000332519 100 $a20091005h2009----km-y0itay50------ba 101 $aita 102 $aIT 105 $a||||||||001yy 200 1 $a<> depressione$fFranco Lolli 210 $aTorino$cBollati Boringhieri$d2009 215 $a133 p.$d20 cm 225 2 $aTemi$v186 410 0$12001$aTemi$v186 606 0 $aDepressione amorosa$2BNCF 676 $a616.8527 700 1$aLOLLI,$bFranco$f<1962- >$0296444 801 0$aIT$bsalbc$gISBD 912 $a990003325190203316 951 $aII.3. 640$b216975 L.M.$cII.3.$d00228436 959 $aBK 969 $aUMA 979 $aPAOLA$b90$c20091005$lUSA01$h1646 979 $aPAOLA$b90$c20091005$lUSA01$h1647 979 $aANNAMARIA$b90$c20120710$lUSA01$h1125 996 $aDepressione$91121425 997 $aUNISA